| 000 | 00732nac a22002051u 4500 | ||
|---|---|---|---|
| 020 | _a9788122421149 : | ||
| 082 |
_a620.7 _bSID |
||
| 090 |
_c8899 _d8899 |
||
| 100 | _aSiddiqui, K. U. | ||
| 245 |
_aMechanical system design : _c K. U. Siddiqui and Manoj Kumar Singh ; Edited by M. A. Faruqi |
||
| 260 |
_aNew Delhi : _bNew age international (p) Limited,2007. _cc2007. |
||
| 500 | _aDistributer : Al Magmoa Al Elmeya | ||
| 504 | _aIncludes bibliographical references and index. | ||
| 511 | _aCatalogued by: Sara | ||
| 650 | _aSystems engineering. | ||
| 650 | _aEngineering design. | ||
| 700 | _aSingh, Manoj Kumar | ||
| 700 | _aFaruqi, M. A. [ed.] | ||
| 942 |
_cBB _k620.7SID |
||
| 999 |
_c8899 _d8899 |
||